000 00972nam a2200217Ia 4500
999 _c37820
_d37820
001 3797
003 GE_BSU
005 20190809171050.0
008 181216s1974||||ge |||||||||||||| ||geo||
040 _cGE_BSU
041 _ageo
080 _a001 შ–24
100 _aშარაძე, გურამ
_91431
245 _aთეიმურაზ ბაგრატიონი – ბიბლიოგრაფი და კოლექციონერი :
_bგამოკვლევა და ტექსტები /
_cცენტრ. სამეცნ. ბიბ-კა.
264 _aთბილისი :
_bმეცნიერება,
_c1974.
300 _a178 გვ. ;
_b21 სმ.
600 _aბაგრატიონი თეიმურაზ
_93497
653 _aქართველი ბიბლიოგრაფები
653 _aქართველი კოლექციონერები
942 _cBK
_2udc